Guía para la economía de combustible en la industria

Bewaard in:
Bibliografische gegevens
Coauteurs: Compañía de Petróleos de Chile (Auteur), COPEC (Auteur)
Formaat: Boek
Taal:Spaans
Gepubliceerd in: Santiago Universitaria 1976
Onderwerpen:
Tags: Voeg label toe
Geen labels, Wees de eerste die dit record labelt!

MARC

LEADER 00000nam a2200000 a 4500
001 UCU4217
003 CL-VaPUC
008 960517e19760000CL |||||||||||||||||spa|d
082 0 4 |a 333.8  |b COM  |2 21 
110 2 |a Compañía de Petróleos de Chile  |e author  |9 361728 
710 2 |a COPEC  |e author  |9 361729 
245 1 0 |a Guía para la economía de combustible en la industria 
300 |a 88 p 
942 |c BK 
945 |d 19960517 00:00:00  |a lriquelm 
260 |a Santiago  |b Universitaria  |c 1976 
650 0 |a Combustibles  |9 271720 
650 0 |a Recursos energéticos  |9 263206 
650 0 |a Productos industriales  |9 351544 
650 0 |a Economía   |9 255568 
650 0 |a Ahorro de energía  |9 271591 
583 |a last modification  |c 19960517 00:00:00  |k Rodrigo Vera 
999 |c 248012  |d 248010 
952 |0 0  |1 0  |4 0  |6 333_800000000000000_COM_1976  |7 0  |8 A  |9 264338  |a BIBING  |b BIBING  |d 2019-11-19  |i 1662767  |o 333.8 COM 1976  |p 1662767  |r 2025-01-20  |w 2019-11-19  |y BK  |k EIQ